Kiadós hullámverést gerjesztett a "hideg zuhany" az érintettek reagálnak a pályázati támogatások elmaradásáról ...

Bibliographic Details
Format: Article
Language:Hungarian
PhysicalDescription:Fotogr.
Subjects:

MARC

LEADER 00000nab a2200000 ar4500
001 vtls009003102
003 SK-MaSNL
005 20260319071252.0
008 070411c20070411xo |||||||| 000 b|hun
015 |a SNBRB2007/04  |2 snkbucl 
038 |a SNKBUCL 
040 |a DSZK  |b slo  |c DSZK  |e AACR2 
041 0 |a hun 
044 |a xo  |c SK 
080 |a 655.4/.5  |x (=511.141)  |x (437.6)  |2 1997 
080 |a 06.047.84  |x (439)  |2 1997 
245 0 0 |a Kiadós hullámverést gerjesztett a "hideg zuhany"  |b az érintettek reagálnak a pályázati támogatások elmaradásáról ...  |c [szerző] (-cz-e) 
300 |b Fotogr. 
500 |a Súčasťou článku sú ohlasy dotyčných 
610 2 7 |a Szülőföld Alap (Maďarsko)  |x granty  |2 snkbucl  |9 1061651 
648 7 |a 2007  |2 snkbucl  |9 313226 
650 0 7 |a maďarské vydavateľstvá  |z Slovensko  |2 snkbucl  |9 1032286 
655 7 |a kritiky  |2 snkbucl  |9 28608 
773 0 |t Új szó  |g Évf. 60, sz. 83 (11.4.2007), o. 3 
852 |a SNK  |b KIS3GCP 
852 |a DSZK  |b KIS3GCP 
958 |a HU 
958 |a SK 
958 |a LX 
999 |c 1751608  |d 1753538